| 000 | 00982nam a22002417a 4500 | ||
|---|---|---|---|
| 005 | 20160205082327.0 | ||
| 008 | 160205s1925 sp ||||fr|||| 000 fdspa d | ||
| 040 |
_cSandra Yazo _dSandra Yazo |
||
| 041 | 1 | _aspa | |
| 082 | 0 | 4 |
_220 _a891.73 |
| 092 | _aE38N030 | ||
| 100 | 1 |
_aAndreyev, Leonid _d1871-1919 _975263 |
|
| 245 | 1 | 3 |
_aEl hombre que encontró la verdad _bnovela _cLeinidas Andreiev ; Traducción y prólogo de J. García Marcadal |
| 260 |
_aMadrid (España) _bJ. García Mercadal _c1925 |
||
| 300 |
_a257 páginas _c18 x 13 cm. |
||
| 490 | 0 | _aColección Babel | |
| 500 | _aDetalles físicos: Encuadernación rígida (holandesa) en cartón forrado en papel. Lomo en tela con adornos en dorado. Guardas. Portada. Texto impreso en una sola columna. Papel con algunas manchas | ||
| 506 | _aConsulta en sala | ||
| 650 | 7 |
_918740 _aLiteratura rusa |
|
| 650 | 7 |
_920572 _aNovela rusa |
|
| 690 |
_942863 _aLiteratura europea |
||
| 942 |
_2LOCAL _cLIBRO _e1 _hE38N030 |
||
| 999 |
_c302640 _d302640 |
||